Normal view MARC view

Entry Nombre personal

Number of records used in: 1

001 - NÚMERO DE CONTROL

  • campo de control: 243180

003 - IDENTIFICADOR DE NÚMERO DE CONTROL

  • campo de control: ES-MaACL

005 - FECHA Y HORA DE LA ÚLTIMA TRANSACCIÓN

  • campo de control: 20260601183145.0

008 - ELEMENTOS DE DATO DE LONGITUD-FIJA

  • campo de control de longitud fija: 920606s1974 ru 000 0 spa d

035 ## - NÚMERO DE CONTROL DEL SISTEMA

  • Número de control de sistema: CSIC000312800

035 ## - NÚMERO DE CONTROL DEL SISTEMA

  • Número de control de sistema: (ES-MaCSI)000312800MAD01-Aleph

035 ## - NÚMERO DE CONTROL DEL SISTEMA

  • Número de control de sistema: (OCoLC)52545692

040 ## - FUENTE DE CATALOGACIÓN

  • Centro catalogador/agencia de origen: ES-MaCSI
  • Lengua de catalogación: spa
  • Centro/agencia transcriptor: VL
  • Centro/agencia modificador: A2 0092108

080 ## - NÚMERO DE LA CLASIFICACIÓN DECIMAL UNIVERSAL

  • Número de la Clasificación Decimal Universal: 882-3

100 1# - ENCABEZAMIENTO-NOMBRE DE PERSONA

  • Nombre de persona: Sholojov, Mijail Aleksandrovich
  • Fechas asociadas al nombre: (1905-1984)

260 ## - REFERENCIA COMPLEJA DE VÉASE--MATERIA

  • Encabezamiento referido a: Moscu :

700 1# - ENTRADA DE ENLACE DE ENCABEZAMIENTO ESTABLECIDO--NOMBRE DE PERSONA

  • Nombre de persona: Kopylov, Ju.
  • Término indicativo de función/relación: pr.